ნორმალური ფორმატი
MARC ფორმატი
ჩანაწერი Personal Name
ჩანაწერთა რაოდენობა, რომელიც გამოყენებულია: 1
001 - CONTROL NUMBER
- control field: 12089
003 - CONTROL NUMBER IDENTIFIER
- control field: GE_BSU
005 - DATE AND TIME OF LATEST TRANSACTION
- control field: 20210618130316.0
008 - FIXED-LENGTH DATA ELEMENTS
- fixed length control field: 210618|| aca||aabn | a|a d
040 ## - CATALOGING SOURCE
- Original cataloging agency: GE_BSU
- Transcribing agency: GE_BSU
100 ## - HEADING--PERSONAL NAME
- Personal name: Simpson, Richard L.
- Dates associated with a name: წინასიტყვაობა
670 ## - SOURCE DATA FOUND
- Source citation: Work cat.: (GE_BSU)58116: Colvin, Geoffrey 1941- 12087, Managing the cycle of meltdowns for students with autism spectrum disorder /
